[Event "Voronezh op-B 19th"]
[Site "Voronezh"]
[Date "2015.06.13"]
[Round "2"]
[White "Zaika, Daniil"]
[Black "Lysokonev, Valery"]
[Result "1/2-1/2"]
[WhiteElo "1860"]
[BlackElo "2149"]
[PlyCount "82"]
[EventDate "2015.06.12"]
[EventType "swiss"]
[EventRounds "9"]
[EventCountry "RUS"]
[SourceTitle "CBM 167 Extra"]
[Source "ChessBase"]
[SourceDate "2015.09.14"]
[SourceVersion "1"]
[SourceVersionDate "2015.09.14"]
[SourceQuality "1"]

1. d4 d5 2. Nf3 Nf6 3. c4 c6 4. e3 e6 5. Nc3 Nbd7 6. b3 Bb4 7. Bb2 Ne4 8. Qc2 Qa5 9. Rc1 Qxa2 10. cxd5 Bxc3+ 11. Bxc3 Qxc2 12. Rxc2 exd5 13. b4 Nxc3 14. Rxc3 a6 15. Bd3 0-0 16. 0-0 Re8 17. Ra1 Rb8 18. Nd2 Nf8 19. f3 Be6 20. e4 dxe4 21. fxe4 Rbd8 22. Nf3 f6 23. Be2 Bf7 24. Rd1 Re7 25. Kf2 Red7 26. Rcd3 Ng6 27. R3d2 Ne7 28. g4 Nc8 29. g5 Nb6 30. Rg1 Kh8 31. gxf6 gxf6 32. e5 Nc4 33. Rdd1 fxe5 34. Nxe5 Nxe5 35. dxe5 Rxd1 36. Rxd1 Rxd1 37. Bxd1 Bd5 38. Bg4 b6 39. Ke3 Kg7 40. Kd4 a5 41. bxa5 bxa5 1/2-1/2